Acta facultatis pharmaceuticae Universitatis Comenianae XLV 1991

Salvato in:
Dettagli Bibliografici
Natura: Libro
Lingua:slovacco
Pubblicazione: Bratislava : Slovenské pedagogické nakladateľstvo, 1991
Tags: Aggiungi Tag
Nessun Tag, puoi essere il primo ad aggiungerne!!

MARC

LEADER 00000nam a22000003a 4500
001 stu17958
005 20150408181554.9
008 910911s1991----cs------------------slo-d
020 |a 80-08-01339-7 
040 |a STU  |b slo 
041 0 |a slo 
044 |a cs 
080 |a 615+54(082.1 
245 |a Acta facultatis pharmaceuticae Universitatis Comenianae XLV 1991 
260 |a Bratislava :  |b Slovenské pedagogické nakladateľstvo,  |c 1991 
300 |a 206 s :  |b Tab.,grafy,lit 
996 |b CK443  |c C*K443  |l CCIV  |s P  |a 0  |w stu17958_0001